Piano B. (Record n. 360611)
[ formato base ]
| 000 -LEADER | |
|---|---|
| campo di controllo lung. fissa | 02048nam a22002057a 4500 |
| 003 - Identificatore del numero di controllo | |
| campo di controllo | IT-MiCISF |
| 005 - Data e orario dell'ultima transazione | |
| campo di controllo | 20250911150242.0 |
| 008 - Elementi di lunghezza fissa--Informazione generale | |
| campo di controllo lung. fissa | 250911b |||||||| |||| 00| 0 eng d |
| 020 ## - ISBN (International Standard Book Number) | |
| ISBN (International Standard Book Number) | 9788845426797 |
| 040 ## - Fonte della catalogazione | |
| Agenzia che fa la trascrizione | IT-MiCISF |
| 100 ## - Accesso principale -- nome di persona | |
| Nome di persona | Teodonio Valeria |
| 9 (RLIN) | 62594 |
| 245 ## - Formulazione del titolo | |
| Titolo | Piano B. |
| Complemento del titolo | Cambiare vita è possibile |
| 260 ## - Pubblicazione, distribuzione, ecc. (stampa) | |
| Luogo di pubblicazione, distribuzione, ecc. | Venezia, |
| Nome dell'editore, distributore, ecc. | Sonzogno di Marsilio, |
| Data di pubblicazione, distribuzione, ecc. | 2024 |
| 300 ## - Descrizione fisica | |
| Estensione | pp. 175 |
| 500 ## - Nota generale | |
| Nota generale | società, lavoro, cambiamento, pandemia, qualità-della-vita |
| 520 ## - Riassunto, ecc. | |
| Nota di riassunto, ecc. | «Non ne posso più, voglio cambiare vita.» Una frase che abbiamo sentito spesso negli ultimi anni, e che racchiude l’insoddisfazione verso un mondo del lavoro in cui abbiamo smesso di rispecchiarci. È quello che è successo a Valentina, che ha abbandonato la carriera da manager per diventare maestra elementare. Ed è anche il motivo che ha spinto Elio a rinunciare al marketing per dedicarsi alla ceramica, Maurizio a lasciare una multinazionale per aprire un forno, Francesca a dire addio al posto fisso per reinventarsi come professional organizer. Insomma, se un tempo il Piano B era spesso solo un sogno, dopo la pandemia per molti è diventato una tentazione forte, e per alcuni una realtà. A raccontarla per la prima volta in tutte le sue sfumature e la sua complessità è la giornalista Valeria Teodonio, che in questo libro – attraverso interviste a sociologi, psicologi, esperti del settore e decine di persone che hanno avuto il coraggio di buttarsi – presenta una riflessione concreta sul «fenomeno Piano B»: pagina dopo pagina porta avanti un’indagine pratica su come, dove e perché si decide di fare il grande salto. Illustra gli errori da evitare e i passi da seguire per lasciare la comfort zone, analizzando le cause e le conseguenze del cambio vita. Una riflessione che svela da cosa nasce questa esigenza e quali sono le regole e gli errori da evitare per arrivare a riappropriarsi di quella dimensione più serena e umana che tanti chiamano «felicità». |
| 650 ## - Accesso aggiunto di soggetto--termine topico | |
| Termine topico o nome geografico come accesso | Società |
| 654 ## - Accesso aggiunto di soggetto--termini topici faccettati | |
| Termine principale | saggio |
| 942 ## - Dati aggiuntivi (Koha) | |
| Fonte della classificazione o dello schema di collocazione (segnatura) | Dewey Decimal Classification |
| Tipo copia default (Koha) | LIBRO |
| Ritirato (status) | Perso (status) | Fonte della classificazione o dello schema di collocazione (segnatura) | Danneggiato (status) | Non per il presito | Biblioteca proprietaria | Biblioteca in cui si trova | Data d'acquisizione | Totale prestiti | Collocazione | Codice a barre | Data ultima operazione | Prezzo in vigore dal | Tipo copia default (Koha) |
|---|---|---|---|---|---|---|---|---|---|---|---|---|---|
| Dewey Decimal Classification | Buone Condizioni | Not For Loan | CISF - Milano | CISF - Milano | 11/09/2025 | B7883 | 9788845426797 | 11/09/2025 | 11/09/2025 | LIBRO |